[Event "14th Euro Indiv 2013"]
[Site "Legnica POL"]
[Date "2013.05.06"]
[Round "2.79"]
[White "Goluch,P"]
[Black "Pelletier,Y"]
[Result "0-1"]
[WhiteElo "2215"]
[BlackElo "2599"]

1.Nf3 d5 2.g3 c6 3.b3 Bg4 4.Ne5 Bh5 5.d4 e6 6.Bg2 Nd7 7.Nxd7 Qxd7 8.O-O Bd6
9.Bb2 f5 10.f4 Nf6 11.Nd2 Ng4 12.e3 O-O-O 13.Qe1 Nf6 14.Nf3 Bxf3 15.Bxf3 Rdg8
16.c4 g5 17.cxd5 exd5 18.fxg5 Rxg5 19.Rc1 h5 20.Kh1 Qe6 21.Rc2 Ng4 22.Bc1 Rg7
23.Rg2 Rgh7 24.h4 Nf6 25.Bd2 Rg7 26.Qf2 Rhg8 27.Bd1 Ne4  0-1

[Event "14th Euro Indiv 2013"]
[Site "Legnica POL"]
[Date "2013.05.06"]
[Round "2.133"]
[White "Ernst,T"]
[Black "Wolff,Pe"]
[Result "1-0"]
[WhiteElo "2387"]
[BlackElo "1962"]

1.Nf3 d5 2.g3 Nf6 3.Bg2 c6 4.O-O Bf5 5.c4 e6 6.cxd5 cxd5 7.Nc3 Nbd7 8.d3 Be7
9.e4 dxe4 10.dxe4 Nxe4 11.Nd4 Nxc3 12.bxc3 Nc5 13.Ba3 Be4 14.Bxc5 Bxg2 15.Bxe7 Qd5
16.Ba3 Bxf1 17.Qxf1 O-O-O 18.Rb1 a6 19.Nb3 h5 20.h4 g5 21.Be7 gxh4 22.Bxd8 Rxd8
23.Qg2 hxg3 24.Qxd5 gxf2+ 25.Kxf2 Rxd5 26.Ke3 h4 27.Rh1 Rh5 28.Rh3 Kc7 29.Kf4 Kc6
30.Kg4 Rh7 31.Rxh4 Rxh4+ 32.Kxh4 Kd5 33.Nd2 e5 34.Kg4 Ke6 35.Kf3 f5 36.Ke3 b5
37.Kd3 Kd5 38.c4+ Kc5 39.Nb3+ Kc6 40.Kc3 bxc4 41.Kxc4 f4 42.Nd2 Kb6 43.a4 Ka5
44.Kb3 Kb6 45.Nc4+ Kc5 46.Nxe5 Kd4 47.Nf3+ Kc5 48.Ng5 Kb6 49.Kb4 a5+ 50.Kc4 Kc6
51.Ne6 f3 52.Nd4+  1-0

[Event "ch-USA 2013"]
[Site "Saint Louis USA"]
[Date "2013.05.06"]
[Round "4"]
[White "Sammour Hasbun,J"]
[Black "Sevian,Samuel"]
[Result "1/2-1/2"]
[WhiteElo "2463"]
[BlackElo "2371"]

1.Nf3 d5 2.g3 c6 3.Bg2 Bg4 4.O-O Nd7 5.d3 Ngf6 6.Nbd2 e5 7.e4 dxe4 8.dxe4 Bc5
9.Qe1 O-O 10.h3 Bh5 11.a4 a5 12.Nc4 Qc7 13.Bd2 b6 14.Nh4 Rfe8 15.Kh1 Re6
16.Nf5 Rae8 17.g4 Bg6 18.b4 axb4 19.Bxb4 h5 20.g5 Nh7 21.Bxc5 Nxc5 22.Qe3 Nd7
23.Rfd1 b5 24.axb5 cxb5 25.Ncd6 Ndf8 26.Nxe8 Rxe8 27.Nd6 Rb8 28.Qa7 Qxa7
29.Rxa7 Nxg5 30.Rd5 b4 31.Rxe5 Nge6 32.Rb5 Rd8 33.e5 Nd7 34.Nb7 Rb8 35.Rxb4 Bxc2
36.f4 Bf5 37.Rba4 Ndc5 38.Ra8 Rxa8 39.Rxa8+ Kh7 40.Nxc5 Nxc5 41.Bd5 Be6 42.Bxe6 Nxe6
43.f5 Nd4 44.Rf8 f6 45.e6 Nxf5 46.h4 Kg6 47.Kh2 Ne7 48.Re8 Nd5 49.Rd8 Nc7
50.Rd6 Kf5 51.e7 Kg6 52.Rd5 Kf7 53.Rxh5 Kxe7 54.Ra5 Ne6 55.h5 Kf7 56.Ra8 Nf4
57.Rh8 g5 58.hxg6+ Nxg6 59.Ra8 f5 60.Ra6 Kg7 61.Kg3 Kh6 62.Ra8 Kg5 63.Ra5 Kf6
64.Kf3 Ne5+ 65.Kg3 Ng6 66.Ra1 Kg5 67.Kf3 Kf6 68.Ke3 Ne7 69.Kd4 Nc6+ 70.Kc5 Ne5
71.Kd5 Nf7 72.Ra6+ Kg5 73.Ra7 Nh6 74.Ke6 Kf4 75.Ra5 Kg5 76.Rb5 Kf4 77.Rb1 Kg5
78.Rf1 Kg6 79.Ra1 Kg5 80.Ra7 Kf4 81.Kf6 Ng4+ 82.Kg6 Ne3 83.Ra4+ Kg3 84.Kg5 Kf3
85.Kf6 f4 86.Kg5 Ng2 87.Ra3+ Ne3 88.Ra4 Ng2 89.Rxf4+ Nxf4  1/2-1/2

[Event "31st Liechtenstein Open 2013"]
[Site "Triesen LIE"]
[Date "2013.05.06"]
[Round "4.3"]
[White "Belezky,A"]
[Black "Sedina,E"]
[Result "1/2-1/2"]
[WhiteElo "2463"]
[BlackElo "2321"]

1.Nf3 d5 2.g3 c6 3.Bg2 Bg4 4.c4 e6 5.cxd5 Bxf3 6.Bxf3 cxd5 7.d3 Nc6 8.Nc3 Nf6
9.O-O Bc5 10.Bd2 O-O 11.Rc1 Qe7 12.Bg2 Rac8 13.a3 Rfd8 14.b4 Bd6 15.Nb1 a6
16.e3 Bb8 17.Qb3 h6 18.Rc2 Bd6 19.Rfc1 Rc7 20.a4 Rdc8 21.b5 axb5 22.axb5 Ne5
23.Ba5 Rxc2 24.Rxc2 Rxc2 25.Qxc2 Qe8 26.Qb3 Qc8 27.Bd2 Qc7 28.f4 Ned7 29.Bf1 Qb6
30.Qa4 Qc7 31.Nc3 Nc5 32.Qa8+ Kh7 33.Qa2 Ncd7 34.d4 Ne4 35.Nxe4 dxe4 36.f5 Nf6
37.fxe6 Bxg3 38.Ba5 Bxh2+ 39.Qxh2 Qxa5 40.exf7 Qa3 41.Qf4 Kg6 42.Bc4 Qe7
43.Be6 h5 44.Qf5+ Kh6 45.Qc5 Qxe6 46.f8=Q Qg4+ 47.Kf2 Qd1 48.Qb4 Ng4+ 49.Kg3 Qg1+
50.Kf4 Qf1+ 51.Kg3 Qg1+  1/2-1/2

[Event "14th Euro Indiv 2013"]
[Site "Legnica POL"]
[Date "2013.05.07"]
[Round "3.9"]
[White "Khairullin,I"]
[Black "Pashikian,A"]
[Result "1-0"]
[WhiteElo "2657"]
[BlackElo "2603"]

1.Nf3 d5 2.g3 c6 3.Bg2 Bg4 4.O-O Nd7 5.d3 e6 6.h3 Bh5 7.e4 Bd6 8.exd5 exd5
9.c4 Ne7 10.Nc3 dxc4 11.dxc4 Bc7 12.Re1 O-O 13.b3 Ba5 14.Bb2 Re8 15.a3 Bc7
16.Ne4 Be5 17.Nxe5 Bxd1 18.Raxd1 Nxe5 19.Rxd8 Raxd8 20.Bxe5 Ng6 21.Bc7 Rc8
22.Ba5 b6 23.Bc3 Rcd8 24.Kf1 Kf8 25.Nd2 Rd3 26.Rxe8+ Kxe8 27.Bxc6+ Kd8 28.Bb4 f5
29.Ke2 Ne5 30.Bd5  1-0

[Event "Norway Supreme Masters Blitz 2013"]
[Site "Stavanger NOR"]
[Date "2013.05.07"]
[Round "1.2"]
[White "Karjakin,Sergey"]
[Black "Aronian,L"]
[Result "1/2-1/2"]
[WhiteElo "2767"]
[BlackElo "2813"]

1.Nf3 d5 2.g3 Bg4 3.Bg2 Nd7 4.O-O e6 5.d3 Bd6 6.h3 Bh5 7.Qe1 Ne7 8.e4 O-O
9.Nbd2 c6 10.Nh4 Ng6 11.Nxg6 Bxg6 12.f4 Qb6+ 13.Kh1 Rae8 14.Nf3 f6 15.Nh4 Bh5
16.g4 Bf7 17.Qg3 Qc7 18.Qf2 g5 19.e5 fxe5 20.fxg5 e4 21.Qe2 Bg3 22.g6 hxg6
23.Bg5 Qe5 24.Qe3 d4 25.Qc1 e3 26.Nf3 Qh8 27.Nxd4 Qxd4 28.Bxe3 Qh8 29.c3 e5
30.Bh6 Bf4 31.Bxf4 exf4 32.Qxf4 Bd5 33.Bxd5+ cxd5 34.Qg3 Qe5 35.Qg2 Rxf1+
36.Rxf1 Nf6 37.Qf3 Kg7 38.Kg2 Qe2+ 39.Rf2 Qxf3+ 40.Kxf3 Nd7 41.Rd2 Nc5 42.h4 Re1
43.Kf4 d4 44.cxd4 Ne6+ 45.Kg3 Nxd4 46.Kf4 Kf6 47.Rf2 Ne6+ 48.Kg3+ Ke7 49.h5 gxh5
50.gxh5 Rh1 51.Kg4 Rg1+ 52.Kf3 Ng5+ 53.Ke3 Rg3+ 54.Kd4 Rh3 55.Rf5 Rxh5 56.Kc3 Ke6
57.Rf8 Nf7 58.Ra8 a6 59.a4 Nd6 60.b4 Kd5 61.Rg8 Re5 62.Rg7 Kc6 63.Rg1 Re2
64.Rc1 Kd5 65.Rg1 Ra2 66.Kb3 Re2 67.Kc3 Re7 68.Rg5+ Kc6 69.Rc5+ Kd7 70.Rh5 b5
71.a5 Rf7 72.Rh8 Nc8 73.Rh6 Nd6 74.Rh8 Rf6 75.Kd4 Kc6 76.Rb8 Rf4+ 77.Ke5 Rf5+
78.Ke6 Rh5 79.Rb6+ Kc7 80.Rxa6 Nc8 81.Kf7 Rh7+ 82.Kg6 Rh4 83.Kf5 Rxb4 84.Ke5 Ra4
85.Kd5 Kb7 86.Rh6 Rxa5 87.Kc5 Na7 88.Rh7+ Kc8 89.d4 Ra2 90.d5 Rc2+ 91.Kb6 Ra2
92.Kc5 Ra4 93.d6 Rc4+ 94.Kb6 b4 95.Rxa7 b3 96.Ra1 b2 97.Rb1 Rc2 98.Kb5  1/2-1/2

[Event "Norway Supreme Masters Blitz 2013"]
[Site "Stavanger NOR"]
[Date "2013.05.07"]
[Round "2.1"]
[White "Carlsen,M"]
[Black "Radjabov,T"]
[Result "0-1"]
[WhiteElo "2868"]
[BlackElo "2745"]

1.Nf3 d5 2.g3 Nf6 3.Bg2 g6 4.b3 Bg7 5.Bb2 O-O 6.O-O c5 7.e3 Nc6 8.Ne5 Nxe5
9.Bxe5 Bg4 10.Qc1 Qd7 11.d3 Qf5 12.Bb2 Bh3 13.Nd2 Bxg2 14.Kxg2 Rfd8 15.Qd1 Rac8
16.Qe2 Qe6 17.Rfe1 b5 18.a4 c4 19.Bd4 a6 20.axb5 axb5 21.Nf3 Nd7 22.Ra5 cxb3
23.cxb3 b4 24.Bxg7 Kxg7 25.Qb2+ Qf6 26.Qd4 Qxd4 27.exd4 e6 28.Rea1 Rc3 29.Rb5 Rb8
30.Rxb8 Nxb8 31.Ne5 Nc6 32.Nxc6 Rxc6 33.Ra4 Rc3 34.Rxb4 Rxd3 35.Kf1 Rd2 36.Ke1 Rb2
37.Rb7 g5 38.h3 h5 39.Kf1 Rd2 40.Rb4 g4 41.hxg4 hxg4 42.Ke1 Rb2 43.Rb8 Kg6
44.Rb7 f6 45.Rb6 Kf5 46.b4 e5 47.dxe5 fxe5 48.b5 Ke4 49.Rb8 d4 50.b6 Kd3
51.Kf1 Kd2 52.b7 d3 53.Rg8 Rxb7 54.Rxg4 Kc3 55.Rg8 Rb1+ 56.Kg2 d2 57.Rc8+ Kb2
58.Rd8 d1=Q 59.Rxd1 Rxd1 60.Kf3 Re1 61.g4 Kc3  0-1

[Event "14th Euro Indiv 2013"]
[Site "Legnica POL"]
[Date "2013.05.08"]
[Round "4.23"]
[White "Tkachiev,V"]
[Black "Gordon,S"]
[Result "1-0"]
[WhiteElo "2632"]
[BlackElo "2527"]

1.Nf3 d5 2.g3 Bg4 3.Bg2 c6 4.c4 e6 5.O-O Nf6 6.d3 Nbd7 7.cxd5 cxd5 8.Nc3 Be7
9.h3 Bxf3 10.Bxf3 O-O 11.Bg2 Qb6 12.e4 d4 13.Ne2 a5 14.g4 e5 15.Ng3 g6 16.f4 exf4
17.Bxf4 Bd6 18.Qd2 Be5 19.Rf2 Ne8 20.Raf1 Ra6 21.Ne2 f6 22.Bh6 Rf7 23.Nf4 Qd6
24.h4 Nc7 25.g5 Ne6 26.Nd5 Nc7 27.Nxf6+ Nxf6 28.gxf6 Rxf6 29.Rxf6 Bxf6 30.Qc2 Bg7
31.e5 Qd7 32.Bxg7 Kxg7 33.Qf2 Qe7 34.Qxd4 Ne6 35.Qf2 Ra8 36.Qf6+ Qxf6 37.Rxf6 Re8
38.Kf2 Nd4 39.Rd6 Rf8+ 40.Ke1 Rf4 41.Be4 Nc6 42.Rd7+ Kh6 43.e6 Rf6 44.Bxc6 bxc6
45.Rd6  1-0

[Event "SCT Seniors 2013"]
[Site "Stockholm SWE"]
[Date "2013.05.09"]
[Round "2.6"]
[White "Petkevich,J"]
[Black "Agrest,R"]
[Result "1-0"]
[WhiteElo "2376"]
[BlackElo "2056"]

1.Nf3 d5 2.g3 Nf6 3.Bg2 e6 4.O-O Be7 5.d3 O-O 6.Nbd2 c5 7.e4 Nc6 8.e5 Nd7
9.Re1 Qc7 10.Qe2 b5 11.c3 Bb7 12.Nf1 d4 13.Bf4 Nb6 14.Rac1 dxc3 15.bxc3 Nd5
16.Bd2 Rfd8 17.h4 h6 18.N1h2 Bf8 19.Ng4 Nde7 20.h5 Nf5 21.Bf4 Nce7 22.Nf6+ Kh8
23.Ne4 Nd5 24.Bd2 Qe7 25.d4 c4 26.Rb1 a6 27.g4 Nh4 28.Bh1 Nxf3+ 29.Qxf3 f6
30.Qg3 Qf7 31.Nd6 Bxd6 32.exd6 Qd7 33.a4 Qxd6 34.Qxd6 Rxd6 35.axb5 axb5 36.Rxb5 Bc6
37.Rc5 Ra2 38.Bc1 Rc2 39.Rxc4 Bb7 40.Be4 Rxc3 41.Rxc3 Nxc3 42.Bxb7 Rxd4 43.Bf3 Rd3
44.Kg2 e5 45.Bb2 Kg8 46.Bxc3 Rxc3 47.Ra1 Kf7 48.Bd5+ Ke7 49.Ra6 Rc2 50.Be4 Rc4
51.f3 Rc3 52.Ra7+ Kf8 53.Bg6 Rb3 54.Rf7+ Kg8 55.Re7 Rb8 56.Re8+ Rxe8 57.Bxe8  1-0

[Event "Tschaturanga Open 2013"]
[Site "Vienna AUT"]
[Date "2013.05.09"]
[Round "4.2"]
[White "Froewis,G"]
[Black "Beckhuis,G"]
[Result "1-0"]
[WhiteElo "2415"]
[BlackElo "2294"]

1.g3 d5 2.Nf3 Nf6 3.Bg2 e6 4.d3 Be7 5.Nbd2 b6 6.O-O Bb7 7.e4 dxe4 8.dxe4 Nfd7
9.c3 O-O 10.Qc2 Nc5 11.b4 Qd3 12.Qxd3 Nxd3 13.Rd1 a5 14.b5 Nxc1 15.Raxc1 Nd7
16.Nd4 Rad8 17.Nc4 Bf6 18.e5 Bxg2 19.exf6 Bd5 20.fxg7 Kxg7 21.Ne3 Bb7 22.Rd2 Nf6
23.Rcd1 Kg8 24.f3 Nd5 25.Nxd5 Rxd5 26.c4 Rc5 27.Rc1 Rd8 28.Nb3 Rxd2 29.Nxd2 Re5
30.Kf2 Kf8 31.g4 a4 32.Rb1 Rc5 33.Rb4 f5 34.h3 fxg4 35.hxg4 h5 36.gxh5 c6
37.bxc6 Bxc6 38.Rxb6 Bd7 39.Rb8+ Ke7 40.h6 Rh5 41.Rh8 Be8 42.Ke3 Bg6 43.Ne4 Rh2
44.Ra8 Bxe4 45.Kxe4 Rxh6 46.Rxa4 Kd6 47.Ra6+ Kc5 48.Ke5 Rh5+ 49.Kf4 Rf5+
50.Ke4 Rf6 51.f4 Kxc4 52.Ke5  1-0

[Event "FSFMB May 2013"]
[Site "Budapest HUN"]
[Date "2013.05.10"]
[Round "7.3"]
[White "Rekasi,Tibor"]
[Black "Marcu,Simon"]
[Result "0-1"]
[WhiteElo "1633"]
[BlackElo "1874"]

1.Nf3 d5 2.g3 Nd7 3.Bg2 e5 4.d3 c6 5.O-O Bd6 6.Nbd2 f5 7.e4 fxe4 8.dxe4 d4
9.Nc4 Bc7 10.Bg5 Ngf6 11.Ne1 b5 12.Nd2 h6 13.Bxf6 Nxf6 14.Nd3 Bg4 15.f3 Bh5
16.a4 O-O 17.axb5 cxb5 18.Ra6 Qe7 19.Qa1 Bb6 20.Qd1 Rac8 21.Ra1 a5 22.Kh1 b4
23.g4 Bg6 24.b3 Bf7 25.f4 Nd7 26.f5 Nc5 27.Qe2 Rc6 28.Nb2 Qc7 29.Nbc4 Rd8
30.Nf3 Bxc4 31.bxc4 d3 32.cxd3 Nxd3 33.h3 Rxc4 34.Qa2  0-1

[Event "Deltalift Open 2013"]
[Site "Halmstad SWE"]
[Date "2013.05.10"]
[Round "6"]
[White "Fransson,Pe"]
[Black "Hector,J"]
[Result "0-1"]
[WhiteElo "2216"]
[BlackElo "2512"]

1.Nf3 d5 2.g3 Nc6 3.Bg2 e5 4.d3 f5 5.O-O Nf6 6.c4 dxc4 7.Qa4 Bd6 8.Qxc4 Qe7
9.Nc3 Rb8 10.e4 Qf7 11.Nd5 h6 12.Nh4 Nxd5 13.exd5 Nd4 14.Re1 O-O 15.Be3 b5
16.Qc1 f4 17.Bxd4 exd4 18.Re6 fxg3 19.fxg3 Bxe6 20.dxe6 Qxe6 21.Qc6 Qe3+
22.Kh1 Rbe8 23.Bd5+ Kh7 24.Be4+ Rxe4 25.dxe4 Rf2  0-1

[Event "14th Euro Indiv 2013"]
[Site "Legnica POL"]
[Date "2013.05.10"]
[Round "6.91"]
[White "Romanishin,O"]
[Black "Pavlidis,Ana"]
[Result "1-0"]
[WhiteElo "2504"]
[BlackElo "2360"]

1.Nf3 d5 2.g3 Nf6 3.Bg2 g6 4.c4 dxc4 5.Qa4+ c6 6.Qxc4 Bg7 7.O-O O-O 8.Nc3 Na6
9.d3 Nd5 10.Bd2 Be6 11.Qh4 f6 12.Qa4 Nc5 13.Qa3 Nd7 14.Rac1 Bf7 15.d4 N5b6
16.b3 Re8 17.e4 e5 18.dxe5 Nxe5 19.Nxe5 fxe5 20.Be3 Qe7 21.Bc5 Qe6 22.Rcd1 Bf8
23.Bxf8 Rxf8 24.Rd6 Qc8 25.Qa5 Re8 26.Rfd1 Be6 27.Bf1 Nd7 28.Bc4 Bxc4 29.Rxd7 b6
30.Qa3 Be6 31.Rxa7 Rxa7 32.Qxa7 Bg4 33.f3 Bh3 34.Qxb6 Rf8 35.Rd3 Qa8 36.a4 Rb8
37.Qc7 Rc8 38.Qb6 Rb8 39.Qc7 Re8 40.Nd1 Qa6 41.Nf2 Rf8 42.Qxe5 Rxf3 43.Rd8+ Kf7
44.Qc7+ Kf6 45.Rf8+ Kg5 46.Nxh3+  1-0

[Event "14th Euro Indiv 2013"]
[Site "Legnica POL"]
[Date "2013.05.10"]
[Round "6.28"]
[White "Ipatov,Alexander"]
[Black "Stevic,H"]
[Result "0-1"]
[WhiteElo "2588"]
[BlackElo "2637"]

1.Nf3 d5 2.g3 Nc6 3.d4 Bg4 4.Bg2 Qd7 5.h3 Bxf3 6.exf3 O-O-O 7.f4 f5 8.c3 Nf6
9.Nd2 e6 10.b4 Kb8 11.O-O Ne4 12.Nb3 Nxc3 13.Qd3 Nxa2 14.Rxa2 Nxb4 15.Qb1 Nxa2
16.Qxa2 b6 17.Be3 c6 18.Rb1 Ka8 19.Bf1 Rb8 20.Ba6 Bd6 21.Rc1 b5 22.Bd2 Rb6
23.Nc5 Qf7 24.Ba5 Bxc5 25.Bxb6 Bxb6 26.Rxc6 Kb8 27.Qe2 b4 28.Qe5+ Bc7 29.Qe1 Ba5
30.Qe5+ Bc7 31.Qe2 Bb6 32.Rxe6 Rd8 33.Rc6 Qe8 34.Re6 Qa4 35.Re7 Qa1+ 36.Kg2 Qxd4
37.Rb7+ Ka8 38.Re7 b3 39.Bb7+ Kb8 40.Bc6 Bc7 41.Re3 Qc4 42.Bb5 Qxe2 43.Bxe2 Bb6
44.Rxb3 Kc7 45.h4 a5 46.Bb5 Bc5 47.h5 Rb8 48.Kf3 Kd6 49.Ba4 Rxb3+ 50.Bxb3 Bd4
51.Ke2 Kc5 52.f3 h6 53.g4 Bb2 54.g5 Bc1 55.gxh6 gxh6 56.Bc2 Kc4 57.Bxf5 Bxf4
58.Bd7 Kc3 59.Bb5 d4 60.Kd1 d3 61.Bd7 Kb4 62.Bf5 d2 63.Be6 a4 64.Kc2 a3 65.Bf7 Kc5
66.Ba2 Kd4 67.Bf7 Ke3 68.Bc4 a2  0-1

[Event "14th Euro Indiv 2013"]
[Site "Legnica POL"]
[Date "2013.05.10"]
[Round "6.108"]
[White "Hagen,Andr"]
[Black "Lewtak,Da"]
[Result "1/2-1/2"]
[WhiteElo "2400"]
[BlackElo "2224"]

1.Nf3 d5 2.g3 c5 3.Bg2 Nf6 4.O-O e6 5.d4 Nc6 6.c4 dxc4 7.Qa4 cxd4 8.Nxd4 Qxd4
9.Bxc6+ Bd7 10.Rd1 Bxc6 11.Qxc6+ bxc6 12.Rxd4 Nd5 13.Rxc4 Kd7 14.e4 Nb6 15.Rc2 Bd6
16.Be3 Rhc8 17.Nd2 Rab8 18.Rd1 Ke7 19.Nb3 Rb7 20.Na5 Rbc7 21.Kf1 c5 22.b3 Be5
23.Rdc1 Bd6 24.f4 Ke8 25.Ke2 f5 26.Nc4 Nxc4 27.Rxc4 Kd7 28.Bd2 g6 29.Bc3 Rg8
30.Rd1 fxe4 31.Rxd6+ Kxd6 32.Be5+ Kd7 33.Bxc7 Kxc7 34.Rxc5+ Kd6 35.Ra5 Rc8
36.Rxa7 Rc2+ 37.Ke3 Rxh2 38.Kxe4 h5 39.Ra6+ Kd7 40.Ke5 Re2+ 41.Kf6 Rg2 42.Rxe6 Rxg3
43.Re1 Kc6 44.Rh1 Rg4 45.Rf1 h4 46.a4 Kc5 47.a5 Kb5 48.b4 h3 49.Ke5 h2 50.Rh1 Rh4
51.Kf6 Rxf4+ 52.Kxg6 Rxb4 53.Rxh2 Kxa5  1/2-1/2

[Event "HC Andersen Open 2013"]
[Site "Odense DEN"]
[Date "2013.05.10"]
[Round "5.1"]
[White "Haub,TM"]
[Black "Rozentalis,E"]
[Result "0-1"]
[WhiteElo "2462"]
[BlackElo "2611"]

1.Nf3 d5 2.g3 c6 3.Bg2 Bg4 4.d3 Nd7 5.h3 Bh5 6.O-O e6 7.Qe1 Ngf6 8.e4 dxe4
9.dxe4 Bc5 10.a3 Qc7 11.Bf4 e5 12.Bd2 O-O 13.b4 Bb6 14.c4 Bxf3 15.Bxf3 Bd4
16.Ra2 a5 17.Rc2 axb4 18.axb4 Ra1 19.Qe2 Rfa8 20.Kg2 Qd6 21.Bg4 Nxg4 22.Qxg4 Nf6
23.Qe2 h6 24.Rd1 Qe6 25.Bc3 Bxc3 26.Rxc3 Nh7 27.h4 Nf8 28.c5 Qg6 29.Nd2 Ne6
30.Rxa1 Rxa1 31.Qf3 Nd4 32.Qe3 Qg4 33.Nf3 f6 34.Rd3 Ne6 35.Kh2 Kh7 36.Rd6 Rb1
37.Nd2 Nf4 38.gxf4 Qxh4+ 39.Qh3 Qxf2+  0-1

[Event "Asian Zonal 3.1 2013"]
[Site "Doha QAT"]
[Date "2013.05.11"]
[Round "8.4"]
[White "AlHuwar,J"]
[Black "Al Sayed,Mohamad"]
[Result "1/2-1/2"]
[WhiteElo "2268"]
[BlackElo "2502"]

1.Nf3 d5 2.g3 c6 3.Bg2 Bg4 4.c4 e6 5.O-O Nf6 6.d3 dxc4 7.dxc4 Nbd7 8.b3 Qa5
9.h3 Bh5 10.a3 Rd8 11.Qc2 Bg6 12.Qb2 e5 13.Bd2 Qc7 14.Bc3 e4 15.Nh4 Bd6 16.e3 O-O
17.b4 Rfe8 18.Nd2 c5 19.Qc2 Be5 20.g4 Bxc3 21.Qxc3 Ne5 22.Nxg6 hxg6 23.g5 Rd3
24.Qc2 Qd7 25.gxf6 Rxd2 26.Qxe4 gxf6 27.Qxb7 Qf5 28.bxc5 Kg7 29.Qe4 Qc8 30.c6  1/2-1/2

[Event "14th Euro Indiv 2013"]
[Site "Legnica POL"]
[Date "2013.05.11"]
[Round "7.100"]
[White "Kjartansson,G"]
[Black "Sabuk,P"]
[Result "1-0"]
[WhiteElo "2446"]
[BlackElo "2206"]

1.Nf3 d5 2.g3 Nf6 3.Bg2 e6 4.O-O Be7 5.c4 O-O 6.d4 dxc4 7.Ne5 Nc6 8.Bxc6 bxc6
9.Nxc6 Qe8 10.Nxe7+ Qxe7 11.Na3 Rd8 12.Qc2 c5 13.dxc5 Qxc5 14.Be3 Qh5 15.f3 Bb7
16.Qxc4 a5 17.Rfd1 Rxd1+ 18.Rxd1 Bd5 19.Qc7 Qh3 20.Rd4 h5 21.Rh4 Qf5 22.Rf4 Qh3
23.Bd4 e5 24.Rh4 Qe6 25.Qxe5 Qc6 26.Qg5 Bxa2 27.Bxf6 Qxf6 28.Qxh5 Qh6 29.Qxh6 gxh6
30.Rxh6 Rb8 31.Ra6 Rxb2 32.Kf2 Be6 33.Rxa5 Ra2 34.Rg5+ Kf8 35.Nb5 Ra5 36.h4 f6
37.Nc7  1-0

[Event "14th Euro Indiv 2013"]
[Site "Legnica POL"]
[Date "2013.05.11"]
[Round "7.60"]
[White "Grigoriants,S RUS"]
[Black "Rzayev,B"]
[Result "1-0"]
[WhiteElo "2579"]
[BlackElo "2411"]

1.Nf3 d5 2.g3 c5 3.Bg2 Nc6 4.d4 e6 5.O-O Nf6 6.c4 Be7 7.cxd5 exd5 8.dxc5 Bxc5
9.a3 O-O 10.b4 Bb6 11.Nc3 h6 12.Bb2 Be6 13.Na4 Ne4 14.Qd3 Bc7 15.Rac1 Rc8
16.b5 Na5 17.Nd4 Nf6 18.Nxe6 fxe6 19.Nc5 Re8 20.Bh3 Kf7 21.Bxf6 Qxf6 22.Nxe6 Rxe6
23.Qxd5 Ke7 24.Rfd1 Rd6 25.Qe4+ Kd8 26.Rxd6+ Qxd6 27.Qc2  1-0

[Event "Tschaturanga Open 2013"]
[Site "Vienna AUT"]
[Date "2013.05.11"]
[Round "6.14"]
[White "Lytvynets,Dmytro"]
[Black "Hrdina,K"]
[Result "1-0"]
[WhiteElo "2107"]
[BlackElo "1934"]

1.Nf3 d5 2.g3 Nf6 3.Bg2 c5 4.d4 e6 5.O-O Nc6 6.e3 b6 7.Ne5 Qc7 8.Nxc6 Qxc6
9.c4 Ba6 10.cxd5 exd5 11.Re1 Rd8 12.b3 Be7 13.Bb2 O-O 14.Qc2 Ne4 15.Nd2 Nxd2
16.Qxd2 c4 17.bxc4 Bxc4 18.Rec1 Qg6 19.a4 Rfe8 20.Ba3 Bf6 21.Bf1 Bxf1 22.Kxf1 Re6
23.Rc7 a5 24.Rac1 h5 25.Qc2 Qg4 26.Rc8 Rxc8 27.Qxc8+ Kh7 28.Qc2+ g6 29.Qc7 Bg7
30.Qxf7 Rf6 31.Qxd5 Rf5 32.Qb7 h4 33.Bd6 Kh6 34.gxh4 Qh3+ 35.Kg1 Bf6 36.Bg3 Rxf2
37.Kxf2 Bxh4 38.Qg2 Qf5+ 39.Qf3 Qd3 40.Kg1 Bg5 41.Bf4  1-0

[Event "HC Andersen Open 2013"]
[Site "Odense DEN"]
[Date "2013.05.12"]
[Round "3.1"]
[White "Bae,T"]
[Black "Rozentalis,E"]
[Result "0-1"]
[WhiteElo "2442"]
[BlackElo "2611"]

1.Nf3 d5 2.g3 c6 3.Bg2 g6 4.c4 d4 5.b4 Bg7 6.Bb2 e5 7.O-O Ne7 8.e3 O-O 9.exd4 exd4
10.d3 a5 11.bxa5 c5 12.Nbd2 Qxa5 13.Nb3 Qb6 14.a4 Nec6 15.Ba3 Na6 16.Ng5 Bf5
17.Ne4 Bxe4 18.Bxe4 Rfe8 19.a5 Qa7 20.Re1 Bf8 21.Bxc6 bxc6 22.Qf3 Qc7 23.Kg2 Rab8
24.Rxe8 Rxe8 25.g4 Re6 26.Nd2 f5 27.gxf5 Rf6 28.Ne4 Rxf5 29.Qd1 Qd7 30.Bc1 Be7
31.h3 h5 32.Bd2 Bd8 33.Ng3 Rf7 34.Qe2 Re7 35.Ne4 Rf7 36.Re1 Kg7 37.Bg5 Bc7
38.Bd2 Bd8 39.Bg5 Bc7 40.Bh4 Bf4 41.Bg3 Qd8 42.Bxf4 Rxf4 43.Ng3 Nb4 44.Qe5+ Qf6
45.Qxf6+ Rxf6 46.Rd1 Rf7 47.Ne4 Ra7 48.Nxc5 Rxa5 49.Ne6+ Kf6 50.Nxd4 Ra3
51.c5 Rc3 52.Re1 Rxc5 53.Rb1 Rg5+ 54.Kf3 c5 55.Nb5 Nxd3 56.Nd6 Rd5 57.Rb6 Ke5
58.Nc4+ Kd4 59.Ne3 Rd7 60.Ke2 Nf4+ 61.Ke1 Ra7 62.h4 Ra2 63.Rf6 Ke4 64.Nc4 Re2+
65.Kd1 Rxf2 66.Rf8 Nd3 67.Nd2+ Ke3 68.Re8+ Kf4 69.Rd8 Nb2+ 70.Kc1 Kg4 71.Kxb2 Kxh4
72.Kc3 g5 73.Kd3 g4 74.Ke3 Rf5 75.Ne4 Kh3 76.Rg8 Kg2 77.Rg7 Rf3+ 78.Ke2 Rf5
79.Ke3 c4 80.Rc7 g3 81.Rxc4 Rf3+ 82.Ke2 h4 83.Rc1 Rf8 84.Ke3 Kh2 85.Ng5 g2
86.Nf3+ Kg3 87.Nd2 h3 88.Ne4+ Kh2 89.Nf2 Rh8 90.Kf3 Rf8+ 91.Ke3 Kg3 92.Ne4+ Kh4  0-1

[Event "5th Alexander The Great Open 2013"]
[Site "Porto Carras GRE"]
[Date "2013.05.12"]
[Round "7.3"]
[White "Arsovic,Z"]
[Black "Sapar,E"]
[Result "1-0"]
[WhiteElo "2434"]
[BlackElo "2339"]

1.Nf3 d5 2.g3 Nf6 3.Bg2 c6 4.c4 dxc4 5.O-O b5 6.a4 Bb7 7.b3 cxb3 8.Qxb3 a6
9.Ba3 e6 10.Bxf8 Rxf8 11.d4 Nbd7 12.Nc3 Rb8 13.Rfd1 Qe7 14.Ne5 Qd6 15.Nxd7 Nxd7
16.Ne4 Qe7 17.Qe3 f6 18.Qf4 Kf7 19.axb5 axb5 20.Nd6+ Kg8 21.Nxb7 Rxb7 22.Bxc6 e5
23.Qe4 Rc7 24.Bxb5 Kh8 25.Bxd7 Rxd7 26.dxe5 Rxd1+ 27.Rxd1 fxe5 28.Rd3 g6
29.Kg2 Rf5 30.Rb3 Rf8 31.Re3 Re8 32.f3 Kg7 33.Qd5 Kf6 34.Re4 Rd8 35.Qc6+ Rd6
36.Qc3 Re6 37.h4 Kf7 38.Rc4 Qd6 39.Re4 h5 40.Qc4 Kg7 41.Qc3 Qd5 42.Qc7+ Kf6
43.Qc8 Kg7 44.Rb4  1-0

[Event "Tschaturanga Open 2013"]
[Site "Vienna AUT"]
[Date "2013.05.12"]
[Round "7.5"]
[White "Schneider Zinner,H"]
[Black "Behling,R"]
[Result "1-0"]
[WhiteElo "2370"]
[BlackElo "2145"]

1.Nf3 d5 2.g3 Nf6 3.Bg2 g6 4.d4 Bg7 5.c4 c6 6.b3 O-O 7.O-O a5 8.Nbd2 Bf5
9.Nh4 Ne4 10.Nxf5 gxf5 11.Nxe4 dxe4 12.Be3 Qd6 13.Qc1 Bxd4 14.Bxd4 Qxd4 15.Qg5+ Qg7
16.Qxe7 Na6 17.Rad1 Rab8 18.Bh3 Rfe8 19.Qh4 h6 20.Bxf5 Qg5 21.Qxg5+ hxg5
22.Rd6 Re5 23.g4 Kg7 24.Rfd1 Nc5 25.Kg2 Rbe8 26.Kg3 R8e7 27.h4 gxh4+ 28.Kxh4 Rc7
29.Kg3 b5 30.Kf4 Re8 31.cxb5 cxb5 32.R1d4 Kf8 33.Rb6 b4 34.Rb5 Ree7 35.Rc4 Nb7
36.Rxc7 Rxc7 37.Bxe4 Nd6 38.Rxa5 Re7 39.Bd3 f6 40.Ra6 Nb7  1-0

[Event "ch-KGZ Men 2013"]
[Site "Bishkek KGZ"]
[Date "2013.05.13"]
[Round "5"]
[White "Abdrakhmanov,Chingiz"]
[Black "Moldobaev,Erik"]
[Result "0-1"]
[WhiteElo "1477"]
[BlackElo "2111"]

1.Nf3 d5 2.g3 g6 3.Bg2 Bg7 4.O-O e5 5.d3 Nc6 6.c4 Nge7 7.Nc3 dxc4 8.dxc4 Nd4
9.e3 Nxf3+ 10.Qxf3 c6 11.Rd1 Qc7 12.Ne4 O-O 13.Nf6+ Kh8 14.e4 Be6 15.Ng4 Bxc4
16.Bh6 Bxh6 17.Nxh6 f6 18.Bh3 Rad8 19.Rxd8 Qxd8 20.Rd1 Qa5 21.b3 Ba6 22.Ng4 Kg7
23.Qe3 Rd8 24.Qh6+ Kh8 25.Nxf6 Rxd1+ 26.Kg2 Rg1+ 27.Kf3 Be2+ 28.Kxe2 Qe1+  0-1

[Event "Geneva WGP 2013"]
[Site "Geneva SUI"]
[Date "2013.05.13"]
[Round "9.3"]
[White "Lagno,Kateryna"]
[Black "Kosintseva,T"]
[Result "0-1"]
[WhiteElo "2548"]
[BlackElo "2517"]

1.Nf3 d5 2.g3 Nf6 3.Bg2 e6 4.O-O Be7 5.c4 O-O 6.b3 b6 7.Bb2 Bb7 8.e3 c5 9.Nc3 dxc4
10.bxc4 Nc6 11.Qe2 Qc7 12.Rac1 a6 13.d3 Rfd8 14.Rfd1 Na7 15.Nd2 Bxg2 16.Kxg2 Nc6
17.f4 Ne8 18.Nde4 b5 19.Ba1 f5 20.Nf2 b4 21.Na4 Qa5 22.Qc2 Bf6 23.Rd2 Rd7
24.Qb3 Bxa1 25.Rxa1 Nf6 26.d4 cxd4 27.c5 Re8 28.Rad1 Nd5 29.exd4 Qb5 30.Re1 Nc7
31.d5 Na5 32.Qc2 Rxd5 33.Rxd5 Nxd5 34.Nb2 Nc6 35.Qc4 Qxc4 36.Nxc4 Nc3 37.a3 bxa3
38.Nxa3 Nd4 39.Rc1 Nd5 40.Nc4 Nb3 41.Rb1 Nxc5 42.Kf3 h6 43.h4 Rc8 44.Nd6 Rd8
45.Nc4 Kf8 46.Ne5 Ke8 47.Rc1 Nb3 48.Re1 Rc8  0-1

[Event "14th Euro Indiv 2013"]
[Site "Legnica POL"]
[Date "2013.05.13"]
[Round "8.82"]
[White "Romanishin,O"]
[Black "Musialkiewicz,P"]
[Result "1-0"]
[WhiteElo "2504"]
[BlackElo "2160"]

1.Nf3 d5 2.g3 c6 3.Bg2 Bg4 4.c4 e6 5.Qb3 Qb6 6.d3 Nd7 7.Be3 Bc5 8.Bxc5 Nxc5
9.Qc3 Nf6 10.Nbd2 O-O 11.b4 Ncd7 12.O-O Rfe8 13.h3 Bh5 14.a4 h6 15.a5 Qd8
16.Rfe1 Rc8 17.e4 dxe4 18.dxe4 Bxf3 19.Bxf3 e5 20.c5 Qc7 21.Nc4 Rf8 22.Red1 Rce8
23.Nd6 Re7 24.Nf5 Ree8 25.Rd6 a6 26.Rad1 Kh7 27.Qd2 Rd8 28.g4 Kh8 29.h4 g6  1-0

[Event "Open Hradec Kralove 2013"]
[Site "Hradec Kralove CZE"]
[Date "2013.05.15"]
[Round "1"]
[White "Kastner,O"]
[Black "Hruby,Va"]
[Result "1-0"]
[WhiteElo "2082"]
[BlackElo "1733"]

1.Nf3 d5 2.g3 Nf6 3.Bg2 c5 4.O-O Nc6 5.d4 e6 6.e3 b6 7.c4 Bb7 8.cxd5 Nxd5
9.Nc3 cxd4 10.Nxd5 Qxd5 11.Nxd4 Qd7 12.Qa4 Na5 13.Qxd7+ Kxd7 14.Rd1 Bxg2
15.Kxg2 Nb7 16.b3 a6 17.Bb2 Bd6 18.e4 f6 19.f4 Ke7 20.e5 fxe5 21.Nc6+ Ke8
22.Nxe5 Rd8 23.Nc4 Bc5 24.Bxg7 Rg8 25.Bf6 Rd5 26.Ne5 Nd6 27.Rxd5 exd5 28.Re1 Ne4
29.Nf3 Kf7 30.Bb2 Bb4 31.Rd1 Rd8 32.Ne5+ Ke6 33.Nc6 Rc8 34.Nxb4 a5 35.Nd3 Rc2+
36.Kg1 Nd2 37.Re1+ Kf7 38.Re2 Nf3+ 39.Kf2  1-0